Handbook on principles of teaching 1 / (Record no. 4265)
[ view plain ]
| 000 -LEADER | |
|---|---|
| fixed length control field | 00668nam a22002297a 4500 |
| 003 - CONTROL NUMBER IDENTIFIER | |
| control field | URS |
| 005 - DATE AND TIME OF LATEST TRANSACTION | |
| control field | 20220117120236.0 |
| 008 - FIXED-LENGTH DATA ELEMENTS--GENERAL INFORMATION | |
| fixed length control field | 190704b ||||| |||| 00| 0 eng d |
| 020 ## - INTERNATIONAL STANDARD BOOK NUMBER | |
| International Standard Book Number | 9789712353536 |
| 040 ## - CATALOGING SOURCE | |
| Description conventions | rda |
| Transcribing agency | URS |
| Language of cataloging | eng |
| 050 ## - LIBRARY OF CONGRESS CALL NUMBER | |
| Classification number | LB 1025.3 |
| Item number | .C269 2009 |
| 100 ## - MAIN ENTRY--PERSONAL NAME | |
| Personal name | Casinto, Carlo Domingo C. |
| 245 ## - TITLE STATEMENT | |
| Title | Handbook on principles of teaching 1 / |
| Statement of responsibility, etc. | Dr. Carlo Domingo C. Casinto. |
| 264 #1 - PRODUCTION, PUBLICATION, DISTRIBUTION, MANUFACTURE, AND COPYRIGHT NOTICE | |
| Place of production, publication, distribution, manufacture | Manila : |
| Name of producer, publisher, distributor, manufacturer | Rex Book Store, |
| Date of production, publication, distribution, manufacture, or copyright notice | 2009 |
| 300 ## - PHYSICAL DESCRIPTION | |
| Extent | xii, 151 pages ; |
| Dimensions | 26 cm |
| 336 ## - CONTENT TYPE | |
| Content type term | text |
| Content type code | txt |
| Source | rdacontent |
| 337 ## - MEDIA TYPE | |
| Media type term | unmediated |
| Media type code | n |
| Source | rdamedia |
| 338 ## - CARRIER TYPE | |
| Carrier type term | volume |
| Carrier type code | nc |
| Source | rdacarrier |
| 500 ## - GENERAL NOTE | |
| General note | Include references. |
| 650 ## - SUBJECT ADDED ENTRY--TOPICAL TERM | |
| Topical term or geographic name entry element | Teaching. |
| 942 ## - ADDED ENTRY ELEMENTS (KOHA) | |
| Source of classification or shelving scheme | Library of Congress Classification |
| Koha item type | Filipiniana |
| Withdrawn status | Source of classification or shelving scheme | Damaged status | Not for loan | Collection code | Home library | Current library | Shelving location | Date acquired | Source of acquisition | Total Checkouts | Full call number | Barcode | Date last seen | Price effective from | Koha item type | Copy number |
|---|---|---|---|---|---|---|---|---|---|---|---|---|---|---|---|---|
| Library of Congress Classification | Non-fiction | Antipolo College Library | Antipolo College Library | On Display | 05/10/2018 | Library Fund | LB 1025.3 .C269 2009 | URSANT-03464 | 05/10/2018 | 05/10/2018 | Filipiniana | |||||
| Library of Congress Classification | Non-fiction | Antipolo College Library | Antipolo College Library | On Display | 05/10/2018 | Library Fund | LB 1025.3 .C269 2009 | URSANT-03465 | 05/10/2018 | 05/10/2018 | Filipiniana | |||||
| Library of Congress Classification | Non-fiction | Pililla College Library | Pililla College Library | General Stacks | 03/17/2016 | purchased | 371.102 C26h 2010 | URSPIL-3857 | 05/31/2019 | 03/17/2016 | Filipiniana | 1 |